Cultural dynamics and production activities in ancient western Mexico : papers from a symposium held in the Center for Archaeological Research, El Colegio de Michoacán 18-19 September 2014 /

This title presents a collection of papers from the Symposium on Cultural Dynamics and Production Activities in Ancient Western Mexico, held at the Center for Archaeological Research of the Colegio de Michoacán on September 18-19, 2014. While these thought-provoking essays on key topics in Western M...

وصف كامل

محفوظ في:

مؤلف مشترك: Symposium on Cultural Dynamics and Production Activities in Ancient Western Mexico Center for Archaeological Research, El Colegio de Michoacan)

مؤلفون آخرون: Williams, Eduardo (المحرر), Maldonado, Blanca (المحرر)

التنسيق: وقائع المؤتمر كتاب الكتروني

اللغة: English

منشور في: Oxford : Archaeopress, [2016]

الموضوعات:

الوصول للمادة أونلاين: Login to view Source

الوسوم: إضافة وسم

لا توجد وسوم, كن أول من يضع وسما على هذه التسجيلة!

رقم الطلب: F1219

LEADER 02439nam a2200397 i 4500
001 EDZ0001545778
003 StDuBDS
005 20230412181740.0
006 m|||||o||d||||||||
007 cr |||||||||||
008 160830s2016 enk fo 100|0|eng|d
020 |a 9781784913564 (ebook) :  |c £15.83 
040 |a StDuBDS  |b eng  |c StDuBDS  |e rda  |e pn 
050 4 |a F1219 
082 0 4 |a 972.01  |2 23 
111 2 |a Symposium on Cultural Dynamics and Production Activities in Ancient Western Mexico  |d (2014 :  |c Center for Archaeological Research, El Colegio de Michoacan),  |j creator. 
245 1 0 |a Cultural dynamics and production activities in ancient western Mexico :  |b papers from a symposium held in the Center for Archaeological Research, El Colegio de Michoacán 18-19 September 2014 /  |c edited by Eduardo Williams, Blanca Maldonado. 
264 1 |a Oxford :  |b Archaeopress,  |c [2016] 
300 |a 1 online resource 
336 |a text  |2 rdacontent 
337 |a computer  |2 rdamedia 
338 |a online resource  |2 rdacarrier 
500 |a Previously issued in print: 2016. 
500 |a Selected conference papers. 
520 8 |a This title presents a collection of papers from the Symposium on Cultural Dynamics and Production Activities in Ancient Western Mexico, held at the Center for Archaeological Research of the Colegio de Michoacán on September 18-19, 2014. While these thought-provoking essays on key topics in Western Mexican archaeology will spark debate among scholars interested in this cultural area, they will also be of interest to students of ancient Mesoamerica as a whole. The time is ripe for insightful discussions and new syntheses of archaeological research in Western Mesoamerica, and this volume represents, undoubtedly, a valuable contribution to this urgent task. 
521 |a Specialized. 
588 |a Description based on online resource; title from home page (viewed on November 8, 2016). 
651 0 |a Mexico  |x Antiquities  |v Congresses. 
700 1 |a Williams, Eduardo,  |e editor. 
700 1 |a Maldonado, Blanca,  |e editor. 
710 2 |a Colegio de Michoacán.  |b Centro de Estudios Arqueológicos,  |e host institution. 
776 0 8 |i Print version :  |z 9781784913557 
856 4 0 |3 Archaeopress  |u http://library.arce.org:8087/Archaeopress/Products/9781784913557 
942 |2 lcc  |c EBOOK 
952 |0 0  |1 0  |4 0  |6 F1219  |7 1  |9 46160  |a ARCH  |b ARCH  |d 2023-04-12  |l 0  |o F1219  |r 2023-04-12 00:00:00  |w 2023-04-12  |y EBOOK 
999 |c 51818  |d 51818